000 00435pab a2200145 454500
008 180718b2006 xxu||||| |||| 00| 0 eng d
100 _aDehler, Gordon E.
245 _aUsing action research to connect practice to learning: a course project for working management students
260 _c2006
300 _ap.636-69.
362 _aOct
650 _aManagement education
773 _aJournal of Management Education
909 _a72056
999 _c72056
_d72056